|
|
|
|
| LEADER |
00974nam a2200289 a 4500 |
| 001 |
1339 |
| 003 |
BD-DhAAL |
| 005 |
20150607102902.0 |
| 008 |
150607s1979 nyua b 000 0 eng |
| 010 |
|
|
|a 78024621
|
| 020 |
|
|
|a 0890043485
|
| 040 |
|
|
|a DLC
|c DLC
|d DLC
|d BD-DhAAL
|
| 050 |
0 |
0 |
|a QP376
|b .C74
|
| 060 |
|
|
|a WL9 C934d
|
| 082 |
0 |
0 |
|a 612/.8
|
| 100 |
1 |
|
|a Critchley, Macdonald.
|9 11729
|
| 245 |
1 |
4 |
|a The divine banquet of the brain and other essays /
|c Macdonald Critchley.
|
| 260 |
|
|
|a New York :
|b Raven Press,
|c c1979.
|
| 300 |
|
|
|a viii, 267 p. :
|b ill. ;
|c 25 cm.
|
| 504 |
|
|
|a Includes bibliographical references.
|
| 541 |
|
|
|e 1339
|
| 650 |
|
0 |
|a Brain.
|9 11730
|
| 650 |
|
0 |
|a Neurology..
|9 11731
|
| 650 |
|
2 |
|a Neurology
|x Essays.
|9 11732
|
| 942 |
|
|
|2 ddc
|c BK
|
| 999 |
|
|
|c 34626
|d 34626
|
| 952 |
|
|
|0 0
|1 0
|2 ddc
|4 0
|6 612_800000000000000_CRI
|7 0
|9 54073
|a SCL
|b SCL
|c GEN
|d 2015-06-07
|e Gift: The Asia Foundation
|l 3
|m 11
|o 612.8 CRI
|p 3020001339
|r 2026-03-01
|s 2026-02-05
|t 1
|w 2015-06-07
|y BK
|